Анализ плана кураторской деятельности; Лингвистические и культурологические традиции и инновации

Bibliographische Detailangaben
Parent link:Лингвистические и культурологические традиции и инновации.— 2016.— [С. 192-194]
1. Verfasser: Воронина Н. А. Наталья Алексеевна
Körperschaft: Национальный исследовательский Томский политехнический университет (ТПУ)
Zusammenfassung:Заглавие с титульного экрана
Sprache:Russisch
Veröffentlicht: 2016
Schriftenreihe:Психолого-педагогические аспекты современных технологий обучения
Schlagworte:
Online-Zugang:http://earchive.tpu.ru/handle/11683/37750
Format: Elektronisch Buchkapitel
KOHA link:https://koha.lib.tpu.ru/cgi-bin/koha/opac-detail.pl?biblionumber=622457

MARC

LEADER 00000naa2a2200000 4500
001 622457
005 20240117091212.0
035 |a (RuTPU)RU\TPU\conf\21182 
035 |a RU\TPU\conf\21181 
090 |a 622457 
100 |a 20170330d2016 k y0rusy50 ca 
101 0 |a rus 
102 |a RU 
105 |a y z 101zy 
135 |a drcn ---uucaa 
181 0 |a i  
182 0 |a b 
200 1 |a Анализ плана кураторской деятельности  |f Н. А. Воронина 
203 |a Текст  |c электронный 
225 1 |a Психолого-педагогические аспекты современных технологий обучения 
300 |a Заглавие с титульного экрана 
320 |a [Библиогр.: с. 193-194 (4 назв.)] 
463 0 |0 (RuTPU)RU\TPU\conf\21107  |t Лингвистические и культурологические традиции и инновации  |o тезисы докладов XVI Международной научно-практической конференции, Томск, 11-13 октября 2016 г.  |f Национальный исследовательский Томский политехнический университет (ТПУ) ; под ред. Ю. В. Кобенко ; К. А. Гирфановой  |v [С. 192-194]  |d 2016 
610 1 |a труды учёных ТПУ 
610 1 |a электронный ресурс 
610 1 |a кураторская деятельность 
610 1 |a профессиональное развитие 
610 1 |a адаптация 
610 1 |a общекультурные компетенции 
610 1 |a тренинги 
700 1 |a Воронина  |b Н. А.  |c специалист в области электротехники  |c доцент Томского политехнического университета, кандидат технических наук  |f 1980-  |g Наталья Алексеевна  |3 (RuTPU)RU\TPU\pers\25665  |9 11576 
712 0 2 |a Национальный исследовательский Томский политехнический университет (ТПУ)  |c (2009- )  |3 (RuTPU)RU\TPU\col\15902 
801 2 |a RU  |b 63413507  |c 20170415  |g RCR 
856 4 |u http://earchive.tpu.ru/handle/11683/37750 
942 |c BK